<?xml version="1.0" encoding="UTF-8"?>
<record
    xmlns:xsi="http://www.w3.org/2001/XMLSchema-instance"
    xsi:schemaLocation="http://www.loc.gov/MARC21/slim http://www.loc.gov/standards/marcxml/schema/MARC21slim.xsd"
    xmlns="http://www.loc.gov/MARC21/slim">

  <leader>00523nam a2200181Ia 4500</leader>
  <controlfield tag="001">68306</controlfield>
  <controlfield tag="008">150819s9999    xx            000 0 und d</controlfield>
  <datafield tag="020" ind1=" " ind2=" ">
    <subfield code="a">0863079016</subfield>
  </datafield>
  <datafield tag="040" ind1=" " ind2=" ">
    <subfield code="c">PK-LaUMT</subfield>
  </datafield>
  <datafield tag="082" ind1=" " ind2=" ">
    <subfield code="a">RCC 580.3022</subfield>
    <subfield code="b">MAR-</subfield>
  </datafield>
  <datafield tag="100" ind1=" " ind2=" ">
    <subfield code="a">Moore, David M.</subfield>
  </datafield>
  <datafield tag="245" ind1=" " ind2="4">
    <subfield code="a">The Marshall Cavendish illustrated encyclopedia of plants and earth sciences</subfield>
    <subfield code="c">Moore, David M.|[et al, ]</subfield>
  </datafield>
  <datafield tag="260" ind1=" " ind2=" ">
    <subfield code="a">New York, USA:</subfield>
    <subfield code="b">Marshall Cavendish,</subfield>
    <subfield code="c">1990</subfield>
  </datafield>
  <datafield tag="546" ind1=" " ind2=" ">
    <subfield code="a">EN</subfield>
  </datafield>
  <datafield tag="650" ind1=" " ind2=" ">
    <subfield code="a">Botany dictionaries</subfield>
  </datafield>
  <datafield tag="700" ind1=" " ind2=" ">
    <subfield code="a">[et al, ]</subfield>
  </datafield>
  <datafield tag="942" ind1=" " ind2=" ">
    <subfield code="c">BK</subfield>
  </datafield>
  <datafield tag="999" ind1=" " ind2=" ">
    <subfield code="c">74338</subfield>
    <subfield code="d">74338</subfield>
  </datafield>
  <datafield tag="952" ind1=" " ind2=" ">
    <subfield code="0">0</subfield>
    <subfield code="1">0</subfield>
    <subfield code="2">ddc</subfield>
    <subfield code="4">0</subfield>
    <subfield code="7">0</subfield>
    <subfield code="a">01</subfield>
    <subfield code="b">01</subfield>
    <subfield code="d">2015-08-19</subfield>
    <subfield code="l">0</subfield>
    <subfield code="o">RCC 580.3022 MAR-</subfield>
    <subfield code="p">94233</subfield>
    <subfield code="r">2015-08-21 00:00:00</subfield>
    <subfield code="w">2015-08-19</subfield>
    <subfield code="y">BK</subfield>
  </datafield>
  <datafield tag="952" ind1=" " ind2=" ">
    <subfield code="0">0</subfield>
    <subfield code="1">0</subfield>
    <subfield code="2">ddc</subfield>
    <subfield code="4">0</subfield>
    <subfield code="7">0</subfield>
    <subfield code="a">01</subfield>
    <subfield code="b">01</subfield>
    <subfield code="d">2015-08-21</subfield>
    <subfield code="l">0</subfield>
    <subfield code="o">RCC 580.3022 MAR-</subfield>
    <subfield code="p">94234</subfield>
    <subfield code="r">2015-08-21 00:00:00</subfield>
    <subfield code="w">2015-08-21</subfield>
    <subfield code="y">BK</subfield>
  </datafield>
  <datafield tag="952" ind1=" " ind2=" ">
    <subfield code="0">0</subfield>
    <subfield code="1">0</subfield>
    <subfield code="2">ddc</subfield>
    <subfield code="4">0</subfield>
    <subfield code="7">0</subfield>
    <subfield code="a">01</subfield>
    <subfield code="b">01</subfield>
    <subfield code="d">2015-08-21</subfield>
    <subfield code="l">0</subfield>
    <subfield code="o">RCC 580.3022 MAR-</subfield>
    <subfield code="p">94235</subfield>
    <subfield code="r">2015-08-21 00:00:00</subfield>
    <subfield code="w">2015-08-21</subfield>
    <subfield code="y">BK</subfield>
  </datafield>
  <datafield tag="952" ind1=" " ind2=" ">
    <subfield code="0">0</subfield>
    <subfield code="1">0</subfield>
    <subfield code="2">ddc</subfield>
    <subfield code="4">0</subfield>
    <subfield code="7">0</subfield>
    <subfield code="a">01</subfield>
    <subfield code="b">01</subfield>
    <subfield code="d">2015-08-21</subfield>
    <subfield code="l">0</subfield>
    <subfield code="o">RCC 580.3022 MAR-</subfield>
    <subfield code="p">94236</subfield>
    <subfield code="r">2015-08-21 00:00:00</subfield>
    <subfield code="w">2015-08-21</subfield>
    <subfield code="y">BK</subfield>
  </datafield>
  <datafield tag="952" ind1=" " ind2=" ">
    <subfield code="0">0</subfield>
    <subfield code="1">0</subfield>
    <subfield code="2">ddc</subfield>
    <subfield code="4">0</subfield>
    <subfield code="7">0</subfield>
    <subfield code="a">01</subfield>
    <subfield code="b">01</subfield>
    <subfield code="d">2015-08-21</subfield>
    <subfield code="l">0</subfield>
    <subfield code="o">RCC 580.3022 MAR-</subfield>
    <subfield code="p">94237</subfield>
    <subfield code="r">2015-08-21 00:00:00</subfield>
    <subfield code="w">2015-08-21</subfield>
    <subfield code="y">BK</subfield>
  </datafield>
  <datafield tag="952" ind1=" " ind2=" ">
    <subfield code="0">0</subfield>
    <subfield code="1">0</subfield>
    <subfield code="2">ddc</subfield>
    <subfield code="4">0</subfield>
    <subfield code="7">0</subfield>
    <subfield code="a">01</subfield>
    <subfield code="b">01</subfield>
    <subfield code="d">2015-08-21</subfield>
    <subfield code="l">0</subfield>
    <subfield code="o">RCC 580.3022 MAR-</subfield>
    <subfield code="p">94238</subfield>
    <subfield code="r">2015-08-21 00:00:00</subfield>
    <subfield code="w">2015-08-21</subfield>
    <subfield code="y">BK</subfield>
  </datafield>
  <datafield tag="952" ind1=" " ind2=" ">
    <subfield code="0">0</subfield>
    <subfield code="1">0</subfield>
    <subfield code="2">ddc</subfield>
    <subfield code="4">0</subfield>
    <subfield code="7">0</subfield>
    <subfield code="a">01</subfield>
    <subfield code="b">01</subfield>
    <subfield code="d">2015-08-21</subfield>
    <subfield code="l">0</subfield>
    <subfield code="o">RCC 580.3022 MAR-</subfield>
    <subfield code="p">94239</subfield>
    <subfield code="r">2015-08-21 00:00:00</subfield>
    <subfield code="w">2015-08-21</subfield>
    <subfield code="y">BK</subfield>
  </datafield>
  <datafield tag="952" ind1=" " ind2=" ">
    <subfield code="0">0</subfield>
    <subfield code="1">0</subfield>
    <subfield code="2">ddc</subfield>
    <subfield code="4">0</subfield>
    <subfield code="7">0</subfield>
    <subfield code="a">01</subfield>
    <subfield code="b">01</subfield>
    <subfield code="d">2015-08-21</subfield>
    <subfield code="l">0</subfield>
    <subfield code="o">RCC 580.3022 MAR-</subfield>
    <subfield code="p">94240</subfield>
    <subfield code="r">2015-08-21 00:00:00</subfield>
    <subfield code="w">2015-08-21</subfield>
    <subfield code="y">BK</subfield>
  </datafield>
  <datafield tag="952" ind1=" " ind2=" ">
    <subfield code="0">0</subfield>
    <subfield code="1">0</subfield>
    <subfield code="2">ddc</subfield>
    <subfield code="4">0</subfield>
    <subfield code="7">0</subfield>
    <subfield code="a">01</subfield>
    <subfield code="b">01</subfield>
    <subfield code="d">2015-08-21</subfield>
    <subfield code="l">0</subfield>
    <subfield code="o">RCC 580.3022 MAR-</subfield>
    <subfield code="p">94241</subfield>
    <subfield code="r">2015-08-21 00:00:00</subfield>
    <subfield code="w">2015-08-21</subfield>
    <subfield code="y">BK</subfield>
  </datafield>
  <datafield tag="952" ind1=" " ind2=" ">
    <subfield code="0">0</subfield>
    <subfield code="1">0</subfield>
    <subfield code="2">ddc</subfield>
    <subfield code="4">0</subfield>
    <subfield code="7">0</subfield>
    <subfield code="a">01</subfield>
    <subfield code="b">01</subfield>
    <subfield code="d">2015-08-21</subfield>
    <subfield code="l">0</subfield>
    <subfield code="o">RCC 580.3022 MAR-</subfield>
    <subfield code="p">94242</subfield>
    <subfield code="r">2015-08-21 00:00:00</subfield>
    <subfield code="w">2015-08-21</subfield>
    <subfield code="y">BK</subfield>
  </datafield>
</record>
